Normal view
MARC view
Entry Uniform Title
001 - CONTROL NUMBER
- control field: 25613
003 - CONTROL NUMBER IDENTIFIER
- control field: dpl
005 - DATE AND TIME OF LATEST TRANSACTION
- control field: 20110125163450.0
008 - FIXED-LENGTH DATA ELEMENTS
- fixed length control field: 110125|||a|||||| | ||| d
040 ## - CATALOGING SOURCE
- Original cataloging agency: dpl
- Transcribing agency: dpl
130 ## - HEADING--UNIFORM TITLE
- Uniform title: Oxford collected essays
670 ## - SOURCE DATA FOUND
- Source citation: Work cat.: (dpl): Rakshit, Mihir 25588, Money and finance in the Indian economy :, 2011
670 ## - SOURCE DATA FOUND
- Source citation: Work cat.: (dpl): Rakshit, Mihir 25588, Money and finance in the Indian economy :, 2011
